Islam its Meaning and Message / (Record no. 194122)
[ view plain ]
| 000 -LEADER | |
|---|---|
| fixed length control field | 00585 a2200169 4500 |
| 003 - CONTROL NUMBER IDENTIFIER | |
| control field | NUST |
| 005 - DATE AND TIME OF LATEST TRANSACTION | |
| control field | 20221207172034.0 |
| 040 ## - CATALOGING SOURCE | |
| Transcribing agency | Nust |
| 082 ## - DEWEY DECIMAL CLASSIFICATION NUMBER | |
| Classification number | 297,ISL |
| 100 ## - MAIN ENTRY--PERSONAL NAME | |
| Personal name | Khurshid Ahmad |
| 245 ## - TITLE STATEMENT | |
| Title | Islam its Meaning and Message / |
| Statement of responsibility, etc. | Edited by Khurshid Ahmad ,Salem Azzam |
| 260 ## - PUBLICATION, DISTRIBUTION, ETC. | |
| Place of publication, distribution, etc. | london |
| Name of publisher, distributor, etc. | The islamic foudation |
| Date of publication, distribution, etc. | 1976 |
| 300 ## - PHYSICAL DESCRIPTION | |
| Extent | 279 p.: |
| 505 ## - FORMATTED CONTENTS NOTE | |
| Formatted contents note | Part-I The Islamic outlook on life (Page-21), Part-II The Prophet and the Quran (Page-59), Part-III The Islamic system (Page-101), Part-IV Islam and the world (Page-199). |
| 650 ## - SUBJECT ADDED ENTRY--TOPICAL TERM | |
| Topical term or geographic name entry element | islam |
| 942 ## - ADDED ENTRY ELEMENTS (KOHA) | |
| Source of classification or shelving scheme | |
| Koha item type | Book |
| Call number prefix | 297,ISL |
| Withdrawn status | Lost status | Source of classification or shelving scheme | Damaged status | Not for loan | Permanent Location | Current Location | Shelving location | Date acquired | Full call number | Barcode | Date last seen | Price effective from | Koha item type | Public note |
|---|---|---|---|---|---|---|---|---|---|---|---|---|---|---|
| Military College of Signals (MCS) | Military College of Signals (MCS) | General Stacks | 12/12/2016 | 297,ISL | MCS29166 | 12/08/2016 | 12/12/2016 | Book | Almirah No.47, Shelf No.1 |
